Normal view
MARC view
Entry Topical Term
001 - CONTROL NUMBER
- control field: 21993
003 - CONTROL NUMBER IDENTIFIER
- control field: dpl
005 - DATE AND TIME OF LATEST TRANSACTION
- control field: 20100927141312.0
008 - FIXED-LENGTH DATA ELEMENTS
- fixed length control field: 100927|||a|||||| | ||| d
040 ## - CATALOGING SOURCE
- Original cataloging agency: dpl
- Transcribing agency: dpl
150 ## - HEADING--TOPICAL TERM
- Topical term or geographic name as entry element: Short stories, Hindi
670 ## - SOURCE DATA FOUND
- Source citation: Work cat.: (dpl)32233: देवांगन, गजानन्द प्रसाद 21992, कहानी-कहावतों कीः, 2008
670 ## - SOURCE DATA FOUND
- Source citation: Work cat.: (dpl)32233: देवांगन, गजानन्द प्रसाद 21992, कहानी-कहावतों कीः, 2008
